Asistenčné technológie založené na sledovaní pohľadu

Salvato in:
Dettagli Bibliografici
Autore principale: Biely, Peter (Autore)
Altri autori: Vincúr, Juraj (Relatore della tesi)
Natura: Manoscritto Libro
Lingua:slovacco
Pubblicazione: 2025
Soggetti:
Accesso online:http://is.stuba.sk/zp/portal_zp.pl?podrobnosti=168892
Tags: Aggiungi Tag
Nessun Tag, puoi essere il primo ad aggiungerne!!

MARC

LEADER 00000ntm a22000003a 4500
001 stuzp102775
003 SK-STU
005 20250614211313.4
007 ta
008 150427s2015----xo-----f-mn---000-0-slo-d
040 |a STU  |b slo 
041 0 |a slo 
100 1 |a Biely, Peter  |u 070200  |4 aut  |U FIIT Fakulta informatiky a informačných technológií  |T FIIT Ústav informatiky, informačných systémov a softvérového inžinierstva  |X 116146  |U I200  |Y 179  |7 116146 
242 0 1 |a Assistive technologies based on gaze tracking  |y eng 
245 1 0 |a Asistenčné technológie založené na sledovaní pohľadu 
260 |c 2025 
650 4 |a Eye tracking  |2 eng 
650 4 |a Virtual reality  |2 eng 
650 4 |a Typing  |2 eng 
650 4 |a Písanie  |2 slo 
650 4 |a Virtuálna realita  |2 slo 
650 4 |a Sledovanie pohľadu  |2 slo 
700 1 |a Vincúr, Juraj  |u 070200  |k Z1  |4 ths  |U FIIT Fakulta informatiky a informačných technológií  |T FIIT Ústav informatiky, informačných systémov a softvérového inžinierstva  |X 5783  |U I200  |Y 179  |7 A000005783 
856 4 |u http://is.stuba.sk/zp/portal_zp.pl?podrobnosti=168892